De este mundo y el otro

Saved in:
Bibliografiske detaljer
Hovedforfatter: Ayala, Francisco (Author)
Format: Bog
Sprog:spansk
Udgivet: Barcelona E.D.H.A.S.A 1963
Serier:Colección El Puente
Fag:
Tags: Tilføj Tag
Ingen Tags, Vær først til at tagge denne postø!

MARC

LEADER 00000nam a2200000 a 4500
001 UCT7422
003 CL-VaPUC
008 970117e19630000SP |||||||||||||||||spa|d
082 0 4 |a 864  |b AYA  |2 21 
100 |a Ayala, Francisco  |e author  |9 466127 
245 1 0 |a De este mundo y el otro 
300 |a 154 p 
942 |c BK 
945 |d 19970117 00:00:00  |a nastorga 
260 |a Barcelona  |b E.D.H.A.S.A  |c 1963 
650 0 |a Ensayos españoles  |9 313128 
583 |a last modification  |c 19970117 00:00:00  |k Rodrigo Vera 
490 0 |a Colección El Puente 
999 |c 256046  |d 256044 
952 |0 0  |1 0  |4 0  |6 864_000000000000000_AYA_1963  |7 0  |8 A  |9 278583  |a BIBEDU  |b BIBEDU  |d 2019-11-19  |i 3273709  |o 864 AYA 1963  |p 3273709  |r 2019-11-19  |w 2019-11-19  |y BK  |k LIT